مكتبة جامعة عجلون الوطنية

فهرس بحث المكتبة

Normal view MARC view
  • Network Programmability - Automation- Network Engineer

Entry Topical Term

Number of records used in: 1

001 - CONTROL NUMBER

  • control field: 6714

003 - CONTROL NUMBER IDENTIFIER

  • control field: JO-AjAnu

005 - DATE AND TIME OF LATEST TRANSACTION

  • control field: 20230606071404.0

008 - FIXED-LENGTH DATA ELEMENTS

  • fixed length control field: 230606|| aca||aabn | a|a d

040 ## - CATALOGING SOURCE

  • Original cataloging agency: JO-AjAnu
  • Transcribing agency: JO-AjAnu

150 ## - HEADING--TOPICAL TERM

  • Topical term or geographic name entry element: Network Programmability - Automation- Network Engineer

670 ## - SOURCE DATA FOUND

  • Source citation: Work cat.: (JO-AjAnu)3480: Edelman, Jason, Scott S. Lowe, Matt Oswalt , author 6713, Network Programmability and Automation: Skills for the Next-Generation Network Engineer